[Event "FIDE World Cup 2025"]
[Site "Goa, India"]
[Date "2025.11.01"]
[Round "1.10"]
[White "Pranav, V"]
[Black "Boulrens, Ala Eddine"]
[Result "1-0"]
[TimeControl ": 90 minutes for the first 40 moves, followed by 30 minutes for the rest of the gamewith an increment of 30 seconds per move starting from move 1"]
[WhiteFideId "25060783"]
[BlackFideId "7907559"]
[WhiteElo "2641"]
[BlackElo "2214"]

1. d4 {[%clk 01:30:57]} {[%emt 00:00:03]} Nf6 {[%clk 01:30:30]} {[%emt
00:00:30]} 2. Nf3 {[%clk 01:31:13]} {[%emt 00:00:14]} d5 {[%clk 01:30:32]}
{[%emt 00:00:28]} 3. e3 {[%clk 01:31:20]} {[%emt 00:00:23]} Bg4 {[%clk
01:28:50]} {[%emt 00:02:12]} 4. c4 {[%clk 01:30:06]} {[%emt 00:01:44]} c6
{[%clk 01:26:18]} {[%emt 00:03:03]} 5. Nc3 {[%clk 01:24:07]} {[%emt 00:06:29]}
e6 {[%clk 01:20:55]} {[%emt 00:05:52]} 6. h3 {[%clk 01:22:13]} {[%emt
00:02:24]} Bh5 {[%clk 01:18:06]} {[%emt 00:03:19]} 7. g4 {[%clk 01:18:57]}
{[%emt 00:03:47]} Bg6 {[%clk 01:18:18]} {[%emt 00:00:17]} 8. Ne5 {[%clk
01:18:54]} {[%emt 00:00:33]} Nbd7 {[%clk 00:59:51]} {[%emt 00:18:57]} 9. Nxg6
{[%clk 01:11:20]} {[%emt 00:08:04]} hxg6 {[%clk 01:00:11]} {[%emt 00:00:10]} 10.
Bd2 {[%clk 01:11:22]} {[%emt 00:00:28]} Bd6 {[%clk 00:57:49]} {[%emt 00:02:53]}
11. g5 {[%clk 01:03:36]} {[%emt 00:08:16]} Nh5 {[%clk 00:50:36]} {[%emt
00:07:43]} 12. h4 {[%clk 01:00:28]} {[%emt 00:03:38]} Qe7 {[%clk 00:47:22]}
{[%emt 00:03:44]} 13. Qb3 {[%clk 00:58:28]} {[%emt 00:02:29]} O-O-O {[%clk
00:41:23]} {[%emt 00:06:30]} 14. Rc1 {[%clk 00:57:54]} {[%emt 00:01:04]} dxc4
{[%clk 00:32:28]} {[%emt 00:09:26]} 15. Bxc4 {[%clk 00:58:14]} {[%emt
00:00:09]} Nb6 {[%clk 00:28:10]} {[%emt 00:04:48]} 16. Ne4 {[%clk 00:53:32]}
{[%emt 00:05:12]} Kb8 {[%clk 00:21:50]} {[%emt 00:06:51]} 17. Bd3 {[%clk
00:48:25]} {[%emt 00:05:37]} e5 {[%clk 00:18:09]} {[%emt 00:04:10]} 18. dxe5
{[%clk 00:46:03]} {[%emt 00:02:52]} Bxe5 {[%clk 00:17:17]} {[%emt 00:01:22]} 19.
Bb4 {[%clk 00:39:44]} {[%emt 00:06:49]} Qe8 {[%clk 00:13:57]} {[%emt 00:03:50]}
20. Nc5 {[%clk 00:31:57]} {[%emt 00:08:17]} Bd6 {[%clk 00:12:51]} {[%emt
00:01:36]} 21. Be2 {[%clk 00:30:51]} {[%emt 00:01:36]} Qe7 {[%clk 00:11:03]}
{[%emt 00:02:18]} 22. Rg1 {[%clk 00:24:51]} {[%emt 00:06:31]} f5 {[%clk
00:07:18]} {[%emt 00:04:15]} 23. Kf1 {[%clk 00:23:53]} {[%emt 00:01:28]} Ka8
{[%clk 00:06:28]} {[%emt 00:01:20]} 24. Bf3 {[%clk 00:21:58]} {[%emt 00:02:25]}
Nd5 {[%clk 00:06:15]} {[%emt 00:00:43]} 25. Ba3 {[%clk 00:21:34]} {[%emt
00:00:54]} Rhe8 {[%clk 00:04:50]} {[%emt 00:01:55]} 26. Kg2 {[%clk 00:20:01]}
{[%emt 00:02:04]} Bb8 {[%clk 00:04:38]} {[%emt 00:00:41]} 27. Na6 {[%clk
00:15:21]} {[%emt 00:05:11]} Qe5 {[%clk 00:04:09]} {[%emt 00:00:57]} 28. Nxb8
{[%clk 00:15:30]} {[%emt 00:00:23]} Qxb8 {[%clk 00:04:10]} {[%emt 00:00:29]} 29.
Rge1 {[%clk 00:13:55]} {[%emt 00:02:05]} Qe5 {[%clk 00:01:34]} {[%emt
00:03:06]} 30. Bc5 {[%clk 00:13:26]} {[%emt 00:00:59]} Rh8 {[%clk 00:01:17]}
{[%emt 00:00:51]} 31. Qa4 {[%clk 00:11:43]} {[%emt 00:02:10]} Qb8 {[%clk
00:01:34]} {[%emt 00:00:13]} 32. Red1 {[%clk 00:11:41]} {[%emt 00:00:32]} f4
{[%clk 00:01:14]} {[%emt 00:00:49]} 33. e4 {[%clk 00:11:49]} {[%emt 00:00:23]}
Nc7 {[%clk 00:01:04]} {[%emt 00:00:40]} 34. e5 {[%clk 00:11:53]} {[%emt
00:00:26]} Nd5 {[%clk 00:01:04]} {[%emt 00:00:29]} 35. Bd6 {[%clk 00:10:16]}
{[%emt 00:02:07]} Rxd6 {[%clk 00:01:00]} {[%emt 00:00:34]} 36. exd6 {[%clk
00:10:41]} {[%emt 00:00:05]} Qxd6 {[%clk 00:01:15]} {[%emt 00:00:16]} 37. Qc4
{[%clk 00:09:58]} {[%emt 00:01:13]} a6 {[%clk 00:00:41]} {[%emt 00:01:04]} 38.
Bxd5 {[%clk 00:08:08]} {[%emt 00:02:19]} cxd5 {[%clk 00:01:01]} {[%emt
00:00:09]} 39. Qxd5 {[%clk 00:08:22]} {[%emt 00:00:16]} f3+ {[%clk 00:01:11]}
{[%emt 00:00:20]} 40. Qxf3 {[%clk 00:08:41]} {[%emt 00:00:10]} Nf4+ {[%clk
00:00:38]} {[%emt 00:01:03]} 41. Kg1 {[%clk 00:08:56]} {[%emt 00:00:14]} Qb8
{[%clk 00:29:57]} {[%emt 00:01:16]} 42. Rd7 {[%clk 00:37:48]} {[%emt 00:01:35]}
Rxh4 {[%clk 00:29:49]} {[%emt 00:00:38]} 43. Rcc7 {[%clk 00:37:24]} {[%emt
00:00:54]} Ne6 {[%clk 00:26:57]} {[%emt 00:03:21]} 44. Qxb7+ {[%clk 00:37:07]}
{[%emt 00:00:47]} Qxb7 {[%clk 00:27:23]} {[%emt 00:00:03]} 45. Rxb7 {[%clk
00:37:33]} {[%emt 00:00:03]} 1-0

[Event "FIDE World Cup 2025"]
[Site "Goa, India"]
[Date "2025.11.01"]
[Round "1.11"]
[White "Kigigha, Bomo Lovet"]
[Black "Donchenko, Alexander"]
[Result "0-1"]
[TimeControl ": 90 minutes for the first 40 moves, followed by 30 minutes for the rest of the gamewith an increment of 30 seconds per move starting from move 1"]
[WhiteFideId "8500037"]
[BlackFideId "24603295"]
[WhiteElo "2263"]
[BlackElo "2641"]

1. Nf3 {[%clk 01:30:54]} {[%emt 00:00:05]} d5 {[%clk 01:30:30]} {[%emt
00:00:31]} 2. e3 {[%clk 01:30:58]} {[%emt 00:00:26]} Nf6 {[%clk 01:29:28]}
{[%emt 00:01:31]} 3. b3 {[%clk 01:30:28]} {[%emt 00:01:01]} Bf5 {[%clk
01:26:46]} {[%emt 00:03:12]} 4. Be2 {[%clk 01:27:00]} {[%emt 00:03:58]} h6
{[%clk 01:23:48]} {[%emt 00:03:28]} 5. Ba3 {[%clk 01:23:01]} {[%emt 00:04:29]}
Nbd7 {[%clk 01:20:49]} {[%emt 00:03:28]} 6. O-O {[%clk 01:20:04]} {[%emt
00:03:28]} e6 {[%clk 01:13:50]} {[%emt 00:07:29]} 7. Bxf8 {[%clk 01:18:30]}
{[%emt 00:02:05]} Nxf8 {[%clk 01:14:13]} {[%emt 00:00:06]} 8. d4 {[%clk
01:14:33]} {[%emt 00:04:27]} N8d7 {[%clk 01:13:43]} {[%emt 00:01:00]} 9. c4
{[%clk 01:08:40]} {[%emt 00:06:22]} O-O {[%clk 01:08:48]} {[%emt 00:05:24]} 10.
b4 {[%clk 01:05:43]} {[%emt 00:03:28]} a5 {[%clk 00:59:52]} {[%emt 00:09:26]}
11. b5 {[%clk 01:00:35]} {[%emt 00:05:38]} c5 {[%clk 00:59:25]} {[%emt
00:00:55]} 12. bxc6 {[%clk 00:55:59]} {[%emt 00:05:06]} bxc6 {[%clk 00:59:48]}
{[%emt 00:00:07]} 13. c5 {[%clk 00:52:45]} {[%emt 00:03:44]} a4 {[%clk
00:55:16]} {[%emt 00:05:03]} 14. Bd3 {[%clk 00:35:25]} {[%emt 00:17:50]} Qa5
{[%clk 00:48:14]} {[%emt 00:07:31]} 15. Bxf5 {[%clk 00:32:47]} {[%emt
00:03:08]} exf5 {[%clk 00:47:40]} {[%emt 00:01:04]} 16. Qc2 {[%clk 00:31:56]}
{[%emt 00:01:22]} Ne4 {[%clk 00:47:27]} {[%emt 00:00:42]} 17. Nh4 {[%clk
00:30:45]} {[%emt 00:01:42]} g6 {[%clk 00:46:15]} {[%emt 00:01:41]} 18. f3
{[%clk 00:29:50]} {[%emt 00:01:26]} Ng5 {[%clk 00:41:58]} {[%emt 00:04:47]} 19.
Nc3 {[%clk 00:23:32]} {[%emt 00:06:48]} Rfe8 {[%clk 00:40:49]} {[%emt
00:01:39]} 20. Rfe1 {[%clk 00:21:05]} {[%emt 00:02:57]} a3 {[%clk 00:40:10]}
{[%emt 00:01:08]} 21. Rab1 {[%clk 00:18:42]} {[%emt 00:02:53]} Rab8 {[%clk
00:39:26]} {[%emt 00:01:15]} 22. Kf2 {[%clk 00:19:02]} {[%emt 00:00:11]} Ne6
{[%clk 00:37:01]} {[%emt 00:02:54]} 23. g3 {[%clk 00:17:55]} {[%emt 00:01:37]}
Ng5 {[%clk 00:30:55]} {[%emt 00:06:35]} 24. Rxb8 {[%clk 00:14:08]} {[%emt
00:04:18]} Rxb8 {[%clk 00:31:19]} {[%emt 00:00:06]} 25. Rb1 {[%clk 00:14:29]}
{[%emt 00:00:09]} Re8 {[%clk 00:29:59]} {[%emt 00:01:49]} 26. Rb3 {[%clk
00:12:24]} {[%emt 00:02:35]} Nf6 {[%clk 00:24:17]} {[%emt 00:06:12]} 27. Qd3
{[%clk 00:12:14]} {[%emt 00:00:40]} h5 {[%clk 00:22:35]} {[%emt 00:02:12]} 28.
Ng2 {[%clk 00:09:51]} {[%emt 00:02:53]} Nh3+ {[%clk 00:19:30]} {[%emt
00:03:35]} 29. Kf1 {[%clk 00:09:48]} {[%emt 00:00:32]} Qa7 {[%clk 00:17:50]}
{[%emt 00:02:10]} 30. Nf4 {[%clk 00:08:20]} {[%emt 00:01:58]} Nxf4 {[%clk
00:17:22]} {[%emt 00:00:59]} 31. gxf4 {[%clk 00:08:36]} {[%emt 00:00:15]} h4
{[%clk 00:16:24]} {[%emt 00:01:28]} 32. Nb1 {[%clk 00:08:28]} {[%emt 00:00:38]}
Nh5 {[%clk 00:15:56]} {[%emt 00:00:59]} 33. Rxa3 {[%clk 00:06:56]} {[%emt
00:02:00]} Qe7 {[%clk 00:16:01]} {[%emt 00:00:25]} 34. Nd2 {[%clk 00:07:12]}
{[%emt 00:00:15]} Nxf4 {[%clk 00:14:54]} {[%emt 00:01:35]} 35. Qa6 {[%clk
00:05:57]} {[%emt 00:01:47]} Qe6 {[%clk 00:13:11]} {[%emt 00:02:13]} 36. Kf2
{[%clk 00:03:48]} {[%emt 00:02:39]} Nh3+ {[%clk 00:12:46]} {[%emt 00:00:54]} 37.
Ke1 {[%clk 00:02:16]} {[%emt 00:02:02]} Qf6 {[%clk 00:11:04]} {[%emt 00:02:12]}
38. Qf1 {[%clk 00:01:46]} {[%emt 00:01:00]} Ng5 {[%clk 00:03:45]} {[%emt
00:07:48]} 39. f4 {[%clk 00:01:31]} {[%emt 00:00:45]} Qxd4 {[%clk 00:02:35]}
{[%emt 00:01:41]} 40. fxg5 {[%clk 00:01:44]} {[%emt 00:00:17]} f4 {[%emt
00:01:50]} 41. Rd3 {[%clk 00:00:31]} Rxe3+ {[%clk 00:21:44]} {[%emt 00:11:44]}
42. Rxe3 {[%clk 00:30:56]} {[%emt 00:00:06]} fxe3 {[%clk 00:22:09]} {[%emt
00:00:05]} 43. Nb3 {[%clk 00:30:19]} {[%emt 00:01:08]} Qb2 {[%clk 00:18:56]}
{[%emt 00:03:42]} 44. Qd3 {[%clk 00:27:33]} {[%emt 00:03:15]} Qf2+ {[%clk
00:19:05]} {[%emt 00:00:21]} 45. Kd1 {[%clk 00:27:56]} {[%emt 00:00:07]} Qg1+
{[%clk 00:19:32]} {[%emt 00:00:03]} 46. Ke2 {[%clk 00:26:54]} {[%emt 00:01:32]}
Qxh2+ {[%clk 00:19:52]} {[%emt 00:00:10]} 47. Kd1 {[%clk 00:16:59]} {[%emt
00:10:26]} Qg1+ {[%clk 00:20:17]} {[%emt 00:00:05]} 48. Kc2 {[%clk 00:10:53]}
{[%emt 00:06:36]} Qf2+ {[%clk 00:20:37]} {[%emt 00:00:11]} 49. Kd1 {[%clk
00:09:47]} {[%emt 00:01:35]} h3 {[%clk 00:21:02]} {[%emt 00:00:05]} 0-1

[Event "FIDE World Cup 2025"]
[Site "Goa, India"]
[Date "2025.11.01"]
[Round "1.12"]
[White "Sadhwani, Raunak"]
[Black "Barrish, Daniel"]
[Result "1/2-1/2"]
[TimeControl ": 90 minutes for the first 40 moves, followed by 30 minutes for the rest of the gamewith an increment of 30 seconds per move starting from move 1"]
[WhiteFideId "35093487"]
[BlackFideId "14304600"]
[WhiteElo "2641"]
[BlackElo "2284"]

1. e4 {[%clk 01:30:58]} {[%emt 00:00:02]} c6 {[%clk 01:30:31]} {[%emt
00:00:30]} 2. d4 {[%clk 01:30:01]} {[%emt 00:01:27]} d5 {[%clk 01:30:36]}
{[%emt 00:00:25]} 3. e5 {[%clk 01:30:25]} {[%emt 00:00:06]} c5 {[%clk
01:30:41]} {[%emt 00:00:25]} 4. Nf3 {[%clk 01:30:46]} {[%emt 00:00:09]} cxd4
{[%clk 01:30:57]} {[%emt 00:00:15]} 5. Nxd4 {[%clk 01:31:09]} {[%emt 00:00:06]}
Nc6 {[%clk 01:30:52]} {[%emt 00:00:34]} 6. Nxc6 {[%clk 01:31:31]} {[%emt
00:00:08]} bxc6 {[%clk 01:31:16]} {[%emt 00:00:06]} 7. Bd3 {[%clk 01:31:55]}
{[%emt 00:00:05]} e6 {[%clk 01:31:06]} {[%emt 00:00:41]} 8. O-O {[%clk
01:31:57]} {[%emt 00:00:29]} a5 {[%clk 01:31:05]} {[%emt 00:00:31]} 9. Nd2
{[%clk 01:31:25]} {[%emt 00:01:02]} Ba6 {[%clk 01:28:27]} {[%emt 00:03:07]} 10.
Qe2 {[%clk 01:28:55]} {[%emt 00:03:00]} Bxd3 {[%clk 01:27:23]} {[%emt
00:01:34]} 11. cxd3 {[%clk 01:29:12]} {[%emt 00:00:14]} a4 {[%clk 01:20:22]}
{[%emt 00:07:31]} 12. Nf3 {[%clk 01:28:53]} {[%emt 00:00:49]} Ne7 {[%clk
01:12:09]} {[%emt 00:08:43]} 13. Be3 {[%clk 01:25:22]} {[%emt 00:04:01]} Nf5
{[%clk 01:06:33]} {[%emt 00:06:05]} 14. Rac1 {[%clk 01:04:58]} {[%emt
00:20:54]} Nxe3 {[%clk 01:02:50]} {[%emt 00:04:14]} 15. fxe3 {[%clk 01:02:16]}
{[%emt 00:03:12]} c5 {[%clk 01:02:42]} {[%emt 00:00:37]} 16. e4 {[%clk
00:59:24]} {[%emt 00:03:23]} Be7 {[%clk 00:58:23]} {[%emt 00:04:48]} 17. exd5
{[%clk 00:59:46]} {[%emt 00:00:08]} exd5 {[%clk 00:53:51]} {[%emt 00:05:03]} 18.
d4 {[%clk 00:49:14]} {[%emt 00:11:02]} c4 {[%clk 00:51:46]} {[%emt 00:02:35]}
19. Nd2 {[%clk 00:41:21]} {[%emt 00:08:23]} O-O {[%clk 00:50:33]} {[%emt
00:01:43]} 20. Rc2 {[%clk 00:38:01]} {[%emt 00:03:54]} Qb6 {[%clk 00:45:47]}
{[%emt 00:05:13]} 21. Qe3 {[%clk 00:38:25]} {[%emt 00:00:05]} Qg6 {[%clk
00:44:49]} {[%emt 00:01:28]} 22. Rcc1 {[%clk 00:35:42]} {[%emt 00:03:14]} Bg5
{[%clk 00:43:06]} {[%emt 00:02:12]} 23. Qc3 {[%clk 00:34:35]} {[%emt 00:01:38]}
Qd3 {[%clk 00:42:02]} {[%emt 00:01:34]} 24. Qxd3 {[%clk 00:33:02]} {[%emt
00:02:02]} cxd3 {[%clk 00:42:24]} {[%emt 00:00:08]} 25. Rfd1 {[%clk 00:32:20]}
{[%emt 00:01:12]} Be3+ {[%clk 00:40:53]} {[%emt 00:02:01]} 26. Kf1 {[%clk
00:32:47]} {[%emt 00:00:04]} Bxd4 {[%clk 00:37:54]} {[%emt 00:03:28]} 27. Rb1
{[%clk 00:30:20]} {[%emt 00:02:58]} Bxe5 {[%clk 00:37:14]} {[%emt 00:01:10]} 28.
Nf3 {[%clk 00:30:45]} {[%emt 00:00:04]} Bf6 {[%clk 00:37:10]} {[%emt 00:00:34]}
29. Rxd3 {[%clk 00:31:10]} {[%emt 00:00:06]} Rfd8 {[%clk 00:35:40]} {[%emt
00:01:59]} 30. b4 {[%clk 00:30:36]} {[%emt 00:01:05]} a3 {[%clk 00:22:50]}
{[%emt 00:13:20]} 31. b5 {[%clk 00:27:15]} {[%emt 00:03:50]} Ra5 {[%clk
00:19:19]} {[%emt 00:04:02]} 32. Rb4 {[%clk 00:23:50]} {[%emt 00:03:54]} Kf8
{[%clk 00:16:57]} {[%emt 00:02:52]} 33. Nd2 {[%clk 00:23:58]} {[%emt 00:00:22]}
Rb8 {[%clk 00:09:58]} {[%emt 00:07:30]} 34. Rxd5 {[%clk 00:23:54]} {[%emt
00:00:34]} Bc3 {[%clk 00:10:10]} {[%emt 00:00:18]} 35. Rb3 {[%clk 00:24:17]}
{[%emt 00:00:06]} Bxd2 {[%clk 00:10:34]} {[%emt 00:00:06]} 36. Rxd2 {[%clk
00:24:45]} {[%emt 00:00:03]} Rbxb5 {[%clk 00:10:08]} {[%emt 00:00:56]} 37. Rdd3
{[%clk 00:25:09]} {[%emt 00:00:06]} Rxb3 {[%clk 00:09:22]} {[%emt 00:01:16]} 38.
Rxb3 {[%clk 00:25:33]} {[%emt 00:00:06]} Ke7 {[%clk 00:08:51]} {[%emt
00:01:00]} 39. g4 {[%clk 00:23:24]} {[%emt 00:02:39]} Kf6 {[%clk 00:04:55]}
{[%emt 00:04:27]} 40. Kg2 {[%clk 00:21:52]} {[%emt 00:02:01]} Ke5 {[%clk
00:01:45]} {[%emt 00:03:40]} 41. Rb7 {[%clk 00:19:42]} {[%emt 00:02:41]} Ke6
{[%clk 00:00:35]} {[%emt 00:01:39]} 42. Rb6+ {[%clk 00:19:32]} {[%emt
00:00:41]} Ke5 {[%clk 00:30:12]} {[%emt 00:00:52]} 43. Rb7 {[%clk 00:49:57]}
{[%emt 00:00:06]} Kf6 {[%clk 00:30:36]} {[%emt 00:00:06]} 44. Rb6+ {[%clk
00:50:06]} {[%emt 00:00:22]} Kg5 {[%clk 00:29:24]} {[%emt 00:01:40]} 45. Kg3
{[%clk 00:50:30]} {[%emt 00:00:07]} f6 {[%clk 00:29:37]} {[%emt 00:00:17]} 46.
Rb7 {[%clk 00:50:55]} {[%emt 00:00:05]} Kg6 {[%clk 00:29:59]} {[%emt 00:00:06]}
47. h3 {[%clk 00:49:43]} {[%emt 00:01:42]} h5 {[%clk 00:27:59]} {[%emt
00:02:31]} 48. gxh5+ {[%clk 00:49:27]} {[%emt 00:00:47]} Kh6 {[%clk 00:27:53]}
{[%emt 00:00:35]} 49. h4 {[%clk 00:33:14]} {[%emt 00:16:43]} Ra4 {[%clk
00:24:20]} {[%emt 00:04:03]} 50. Rb5 {[%clk 00:32:51]} {[%emt 00:00:57]} Rc4
{[%clk 00:21:21]} {[%emt 00:03:24]} 51. Ra5 {[%clk 00:33:12]} {[%emt 00:00:09]}
Rc3+ {[%clk 00:18:43]} {[%emt 00:03:08]} 52. Kg4 {[%clk 00:33:38]} {[%emt
00:00:04]} Re3 {[%clk 00:17:13]} {[%emt 00:02:00]} 53. Ra8 {[%clk 00:32:07]}
{[%emt 00:02:01]} Re4+ {[%clk 00:14:22]} {[%emt 00:03:21]} 54. Kf5 {[%clk
00:32:23]} {[%emt 00:00:18]} Re5+ {[%clk 00:14:41]} {[%emt 00:00:07]} 55. Kg4
{[%clk 00:32:49]} {[%emt 00:00:03]} Re4+ {[%clk 00:15:06]} {[%emt 00:00:04]} 56.
Kf5 {[%clk 00:33:17]} {[%emt 00:00:02]} 1/2-1/2

[Event "FIDE World Cup 2025"]
[Site "Goa, India"]
[Date "2025.11.01"]
[Round "1.13"]
[White "Ilkhomi, Jaloliddin"]
[Black "Vokhidov, Shamsiddin"]
[Result "0-1"]
[TimeControl ": 90 minutes for the first 40 moves, followed by 30 minutes for the rest of the gamewith an increment of 30 seconds per move starting from move 1"]
[WhiteFideId "14700948"]
[BlackFideId "14204223"]
[WhiteElo "2289"]
[BlackElo "2640"]

1. d4 {[%clk 01:30:33]} {[%emt 00:00:26]} Nf6 {[%clk 01:30:53]} {[%emt
00:00:08]} 2. c4 {[%clk 01:30:38]} {[%emt 00:00:24]} e6 {[%clk 01:31:14]}
{[%emt 00:00:09]} 3. g3 {[%clk 01:30:32]} {[%emt 00:00:36]} d5 {[%clk
01:31:18]} {[%emt 00:00:26]} 4. Bg2 {[%clk 01:30:16]} {[%emt 00:00:46]} Bb4+
{[%clk 01:28:43]} {[%emt 00:03:06]} 5. Bd2 {[%clk 01:30:29]} {[%emt 00:00:16]}
a5 {[%clk 01:29:04]} {[%emt 00:00:10]} 6. Nf3 {[%clk 01:29:57]} {[%emt
00:01:02]} O-O {[%clk 01:28:23]} {[%emt 00:01:10]} 7. Qc1 {[%clk 01:29:44]}
{[%emt 00:00:43]} Bd6 {[%clk 01:24:39]} {[%emt 00:04:15]} 8. O-O {[%clk
01:26:05]} {[%emt 00:04:08]} c6 {[%clk 01:23:11]} {[%emt 00:01:59]} 9. Rd1
{[%clk 01:21:33]} {[%emt 00:05:01]} Nbd7 {[%clk 01:21:12]} {[%emt 00:02:28]} 10.
Qc2 {[%clk 01:17:43]} {[%emt 00:04:21]} h6 {[%clk 01:06:34]} {[%emt 00:15:09]}
11. Nc3 {[%clk 01:16:10]} {[%emt 00:02:02]} dxc4 {[%clk 01:05:19]} {[%emt
00:01:45]} 12. e4 {[%clk 01:14:51]} {[%emt 00:01:48]} Be7 {[%clk 01:02:12]}
{[%emt 00:03:39]} 13. e5 {[%clk 01:04:15]} {[%emt 00:11:06]} Nd5 {[%clk
01:01:53]} {[%emt 00:00:48]} 14. Ne4 {[%clk 01:04:18]} {[%emt 00:00:26]} b5
{[%clk 01:00:05]} {[%emt 00:02:19]} 15. b3 {[%clk 00:52:30]} {[%emt 00:12:19]}
Ba6 {[%clk 00:59:16]} {[%emt 00:01:19]} 16. Qc1 {[%clk 00:48:18]} {[%emt
00:04:42]} Re8 {[%clk 00:54:18]} {[%emt 00:05:27]} 17. bxc4 {[%clk 00:43:39]}
{[%emt 00:05:10]} bxc4 {[%clk 00:54:45]} {[%emt 00:00:02]} 18. Nd6 {[%clk
00:41:35]} {[%emt 00:02:34]} Bxd6 {[%clk 00:52:36]} {[%emt 00:02:40]} 19. exd6
{[%clk 00:42:02]} {[%emt 00:00:03]} N7b6 {[%clk 00:46:27]} {[%emt 00:06:38]} 20.
Ne5 {[%clk 00:35:48]} {[%emt 00:06:45]} Qxd6 {[%clk 00:44:38]} {[%emt
00:02:19]} 21. Bxa5 {[%clk 00:35:37]} {[%emt 00:00:41]} Bb5 {[%clk 00:42:59]}
{[%emt 00:02:08]} 22. Bxb6 {[%clk 00:30:37]} {[%emt 00:05:30]} Nxb6 {[%clk
00:43:01]} {[%emt 00:00:29]} 23. Rb1 {[%clk 00:30:20]} {[%emt 00:00:47]} Qc7
{[%clk 00:27:33]} {[%emt 00:15:58]} 24. Rd2 {[%clk 00:18:25]} {[%emt 00:12:25]}
Ra4 {[%clk 00:25:53]} {[%emt 00:02:09]} 25. Bf1 {[%clk 00:09:24]} {[%emt
00:09:31]} Qd6 {[%clk 00:23:06]} {[%emt 00:03:17]} 26. Qd1 {[%clk 00:04:34]}
{[%emt 00:05:20]} c3 {[%clk 00:18:30]} {[%emt 00:05:06]} 27. Bxb5 {[%clk
00:02:55]} {[%emt 00:02:09]} cxb5 {[%clk 00:18:54]} {[%emt 00:00:06]} 28. Rc2
{[%clk 00:01:13]} {[%emt 00:02:13]} Rxd4 {[%clk 00:10:42]} {[%emt 00:08:42]} 29.
Qh5 {[%clk 00:01:42]} Rf8 {[%clk 00:11:11]} 30. Rxb5 {[%clk 00:01:57]} {[%emt
00:00:16]} Rd1+ {[%clk 00:11:10]} {[%emt 00:00:30]} 31. Kg2 {[%clk 00:02:22]}
{[%emt 00:00:05]} Rd5 {[%clk 00:11:31]} {[%emt 00:00:09]} 32. Qe2 {[%clk
00:01:15]} {[%emt 00:01:38]} Rd2 {[%clk 00:10:22]} {[%emt 00:01:38]} 33. Qe4
{[%clk 00:00:31]} {[%emt 00:01:14]} f5 {[%clk 00:10:38]} {[%emt 00:00:15]} 0-1